<?xml version="1.0" encoding="UTF-8"?>
<record
    xmlns:xsi="http://www.w3.org/2001/XMLSchema-instance"
    xsi:schemaLocation="http://www.loc.gov/MARC21/slim http://www.loc.gov/standards/marcxml/schema/MARC21slim.xsd"
    xmlns="http://www.loc.gov/MARC21/slim">

  <leader>02692nam0a2200433   4500</leader>
  <controlfield tag="001">RU\NLR\bibl\739076</controlfield>
  <controlfield tag="005">20260406143351.0</controlfield>
  <datafield tag="010" ind1=" " ind2=" ">
    <subfield code="a">5-462-00272-6</subfield>
    <subfield code="b">&#x432; &#x43F;&#x435;&#x440;.</subfield>
  </datafield>
  <datafield tag="021" ind1=" " ind2=" ">
    <subfield code="a">RU</subfield>
    <subfield code="b">2004-61950</subfield>
    <subfield code="9">3044</subfield>
  </datafield>
  <datafield tag="035" ind1=" " ind2=" ">
    <subfield code="a">RSL-KNO-002485051</subfield>
  </datafield>
  <datafield tag="035" ind1=" " ind2=" ">
    <subfield code="a">(NLR Aleph) 000728977</subfield>
  </datafield>
  <datafield tag="090" ind1=" " ind2=" ">
    <subfield code="a">750489</subfield>
    <subfield code="c">750489</subfield>
  </datafield>
  <datafield tag="100" ind1=" " ind2=" ">
    <subfield code="a">20041006d2004    |||y0rusy50      ca</subfield>
  </datafield>
  <datafield tag="101" ind1="0" ind2=" ">
    <subfield code="a">rus</subfield>
  </datafield>
  <datafield tag="102" ind1=" " ind2=" ">
    <subfield code="a">RU</subfield>
  </datafield>
  <datafield tag="105" ind1=" " ind2=" ">
    <subfield code="a">a   |||||||||</subfield>
  </datafield>
  <datafield tag="106" ind1=" " ind2=" ">
    <subfield code="a">r</subfield>
  </datafield>
  <datafield tag="200" ind1="1" ind2=" ">
    <subfield code="a">&#x41A;&#x443;&#x440;&#x441; &#x43F;&#x440;&#x430;&#x43A;&#x442;&#x438;&#x447;&#x435;&#x441;&#x43A;&#x43E;&#x439; &#x43F;&#x441;&#x438;&#x445;&#x43E;&#x43B;&#x43E;&#x433;&#x438;&#x438;, &#x438;&#x43B;&#x438; &#x43A;&#x430;&#x43A; &#x43D;&#x430;&#x443;&#x447;&#x438;&#x442;&#x44C;&#x441;&#x44F; &#x440;&#x430;&#x431;&#x43E;&#x442;&#x430;&#x442;&#x44C; &#x438; &#x434;&#x43E;&#x431;&#x438;&#x432;&#x430;&#x442;&#x44C;&#x441;&#x44F; &#x443;&#x441;&#x43F;&#x435;&#x445;&#x430;</subfield>
    <subfield code="e">&#x434;&#x43B;&#x44F; &#x432;&#x44B;&#x441;&#x448;. &#x443;&#x43F;&#x440;. &#x43F;&#x435;&#x440;&#x441;&#x43E;&#x43D;&#x430;&#x43B;&#x430;</subfield>
    <subfield code="e">&#x443;&#x447;&#x435;&#x431;. &#x43F;&#x43E;&#x441;&#x43E;&#x431;&#x438;&#x435;</subfield>
    <subfield code="f">&#x426;&#x435;&#x43D;&#x442;&#x440; &#x43D;&#x440;&#x430;&#x432;&#x441;&#x442;&#x432;. &#x432;&#x43E;&#x441;&#x43F;&#x438;&#x442;&#x430;&#x43D;&#x438;&#x44F; "&#x424;&#x43E;&#x43D;&#x434;" [&#x438; &#x434;&#x440;.]</subfield>
    <subfield code="g">[&#x430;&#x432;&#x442;.-&#x441;&#x43E;&#x441;&#x442;. &#x420;. &#x420;. &#x41A;&#x430;&#x448;&#x430;&#x43F;&#x43E;&#x432;]</subfield>
  </datafield>
  <datafield tag="210" ind1=" " ind2=" ">
    <subfield code="a">&#x41C;.</subfield>
    <subfield code="c">&#x410;&#x421;&#x422;-&#x41F;&#x420;&#x415;&#x421;&#x421; &#x41A;&#x41D;&#x418;&#x413;&#x410;</subfield>
    <subfield code="d">2004</subfield>
    <subfield code="g">&#x422;&#x432;&#x435;&#x440;. &#x43F;&#x43E;&#x43B;&#x438;&#x433;&#x440;. &#x43A;&#x43E;&#x43C;&#x431;. &#x434;&#x435;&#x442;. &#x43B;&#x438;&#x442;.</subfield>
  </datafield>
  <datafield tag="215" ind1=" " ind2=" ">
    <subfield code="a">443, [1] &#x441;.</subfield>
    <subfield code="c">&#x438;&#x43B;., &#x442;&#x430;&#x431;&#x43B;.</subfield>
    <subfield code="d">22</subfield>
  </datafield>
  <datafield tag="225" ind1="1" ind2=" ">
    <subfield code="a">&#x421;&#x435;&#x440;&#x438;&#x44F; "&#x41F;&#x440;&#x430;&#x43A;&#x442;&#x438;&#x447;&#x435;&#x441;&#x43A;&#x430;&#x44F; &#x43F;&#x441;&#x438;&#x445;&#x43E;&#x43B;&#x43E;&#x433;&#x438;&#x44F;"</subfield>
  </datafield>
  <datafield tag="300" ind1=" " ind2=" ">
    <subfield code="a">&#x41D;&#x430; &#x43E;&#x431;&#x43B;. &#x432; &#x43F;&#x43E;&#x434;&#x437;&#x430;&#x433;.: &#x41A;&#x430;&#x43A; &#x43D;&#x430;&#x439;&#x442;&#x438; &#x432;&#x44B;&#x445;&#x43E;&#x434; &#x438;&#x437; &#x431;&#x435;&#x437;&#x432;&#x44B;&#x445;&#x43E;&#x434;. &#x441;&#x438;&#x442;&#x443;&#x430;&#x446;&#x438;&#x438;, &#x43A;&#x430;&#x43A; &#x43C;&#x435;&#x43D;&#x44C;&#x448;&#x435; &#x434;&#x435;&#x43B;&#x430;&#x442;&#x44C;, &#x43D;&#x43E; &#x431;&#x43E;&#x43B;&#x44C;&#x448;&#x435; &#x443;&#x441;&#x43F;&#x435;&#x432;&#x430;&#x442;&#x44C;, &#x43A;&#x430;&#x43A; &#x438;&#x437;&#x43C;&#x435;&#x43D;&#x438;&#x442;&#x44C; &#x434;&#x435;&#x43B;&#x430; &#x43A; &#x43B;&#x443;&#x447;&#x448;&#x435;&#x43C;&#x443;, &#x43A;&#x430;&#x43A; &#x447;&#x438;&#x442;&#x430;&#x442;&#x44C; &#x447;&#x435;&#x43B;&#x43E;&#x432;&#x435;&#x43A;&#x430;, &#x441;&#x43B;&#x43E;&#x432;&#x43D;&#x43E; &#x43A;&#x43D;.</subfield>
  </datafield>
  <datafield tag="300" ind1=" " ind2=" ">
    <subfield code="a">&#x412; &#x43D;&#x430;&#x434;&#x437;&#x430;&#x433;. &#x442;&#x430;&#x43A;&#x436;&#x435;: &#x412;&#x44B;&#x441;&#x448;. &#x43A;&#x43E;&#x43B;&#x43B;&#x435;&#x434;&#x436; &#x43F;&#x440;&#x435;&#x434;&#x43F;&#x440;&#x438;&#x43D;&#x438;&#x43C;&#x430;&#x442;&#x435;&#x43B;&#x44C;&#x441;&#x442;&#x432;&#x430; &#x438; &#x43F;&#x440;&#x430;&#x432;&#x430;, &#x41D;&#x430;&#x443;&#x447;.-&#x432;&#x43D;&#x435;&#x434;&#x440;&#x435;&#x43D;. &#x444;&#x438;&#x440;&#x43C;&#x430; "&#x41F;&#x441;&#x438;&#x445;&#x43E;&#x43B;&#x43E;&#x433;"</subfield>
  </datafield>
  <datafield tag="517" ind1="0" ind2=" ">
    <subfield code="a">&#x41A;&#x430;&#x43A; &#x43D;&#x430;&#x443;&#x447;&#x438;&#x442;&#x44C;&#x441;&#x44F; &#x440;&#x430;&#x431;&#x43E;&#x442;&#x430;&#x442;&#x44C; &#x438; &#x434;&#x43E;&#x431;&#x438;&#x432;&#x430;&#x442;&#x44C;&#x441;&#x44F; &#x443;&#x441;&#x43F;&#x435;&#x445;&#x430;</subfield>
  </datafield>
  <datafield tag="606" ind1="1" ind2=" ">
    <subfield code="a">&#x420;&#x443;&#x43A;&#x43E;&#x432;&#x43E;&#x434;&#x438;&#x442;&#x435;&#x43B;&#x44C;</subfield>
    <subfield code="j">&#x420;&#x443;&#x43A;&#x43E;&#x432;&#x43E;&#x434;&#x441;&#x442;&#x432;&#x430;, &#x43F;&#x43E;&#x441;&#x43E;&#x431;&#x438;&#x44F; &#x438; &#x442;.&#x43F;.</subfield>
    <subfield code="x">&#x423;&#x43F;&#x440;&#x430;&#x432;&#x43B;&#x435;&#x43D;&#x447;&#x435;&#x441;&#x43A;&#x430;&#x44F; &#x434;&#x435;&#x44F;&#x442;&#x435;&#x43B;&#x44C;&#x43D;&#x43E;&#x441;&#x442;&#x44C;</subfield>
    <subfield code="9">2214571</subfield>
    <subfield code="3">RU\NLR\auth\661330168</subfield>
  </datafield>
  <datafield tag="606" ind1="1" ind2=" ">
    <subfield code="a">&#x420;&#x443;&#x43A;&#x43E;&#x432;&#x43E;&#x434;&#x438;&#x442;&#x435;&#x43B;&#x438;</subfield>
    <subfield code="j">&#x423;&#x447;&#x435;&#x431;&#x43D;&#x44B;&#x435; &#x438;&#x437;&#x434;&#x430;&#x43D;&#x438;&#x44F;</subfield>
    <subfield code="x">&#x423;&#x43F;&#x440;&#x430;&#x432;&#x43B;&#x435;&#x43D;&#x447;&#x435;&#x441;&#x43A;&#x430;&#x44F; &#x434;&#x435;&#x44F;&#x442;&#x435;&#x43B;&#x44C;&#x43D;&#x43E;&#x441;&#x442;&#x44C;</subfield>
    <subfield code="9">2182530</subfield>
    <subfield code="3">RU\NLR\auth\661312384</subfield>
  </datafield>
  <datafield tag="610" ind1="0" ind2=" ">
    <subfield code="a">&#x41F;&#x441;&#x438;&#x445;&#x43E;&#x43B;&#x43E;&#x433;&#x438;&#x44F; --&#x41E;&#x442;&#x440;&#x430;&#x441;&#x43B;&#x435;&#x432;&#x430;&#x44F; &#x43F;&#x441;&#x438;&#x445;&#x43E;&#x43B;&#x43E;&#x433;&#x438;&#x44F; -- &#x41F;&#x440;&#x430;&#x43A;&#x442;&#x438;&#x447;&#x435;&#x441;&#x43A;&#x430;&#x44F; (&#x43A;&#x43E;&#x43D;&#x441;&#x443;&#x43B;&#x44C;&#x442;&#x430;&#x442;&#x438;&#x432;&#x43D;&#x430;&#x44F;) &#x43F;&#x441;&#x438;&#x445;&#x43E;&#x43B;&#x43E;&#x433;&#x438;&#x44F; -- &#x423;&#x447;&#x435;&#x431;&#x43D;&#x438;&#x43A; &#x434;&#x43B;&#x44F; &#x432;&#x44B;&#x441;&#x448;&#x435;&#x439; &#x448;&#x43A;&#x43E;&#x43B;&#x44B;</subfield>
  </datafield>
  <datafield tag="686" ind1=" " ind2=" ">
    <subfield code="a">&#x42E;949.2&#x44F;73-1</subfield>
    <subfield code="2">rubbk</subfield>
  </datafield>
  <datafield tag="686" ind1=" " ind2=" ">
    <subfield code="a">&#x42E;941.196&#x44F;7</subfield>
  </datafield>
  <datafield tag="686" ind1=" " ind2=" ">
    <subfield code="a">&#x421;550.372.2&#x44F;7</subfield>
  </datafield>
  <datafield tag="701" ind1=" " ind2="1">
    <subfield code="4">220</subfield>
    <subfield code="8">rus</subfield>
    <subfield code="7">ca</subfield>
    <subfield code="a">&#x41A;&#x430;&#x448;&#x430;&#x43F;&#x43E;&#x432;</subfield>
    <subfield code="b">&#x420;. &#x420;.</subfield>
    <subfield code="f">1958-</subfield>
    <subfield code="g">&#x420;&#x430;&#x438;&#x43B;&#x44C; &#x420;&#x438;&#x444;&#x43A;&#x430;&#x442;&#x43E;&#x432;&#x438;&#x447;</subfield>
    <subfield code="3">RU\NLR\auth\7747709</subfield>
    <subfield code="9">30644</subfield>
  </datafield>
  <datafield tag="712" ind1="0" ind2="2">
    <subfield code="4">570</subfield>
    <subfield code="a">"&#x424;&#x43E;&#x43D;&#x434;", &#x446;&#x435;&#x43D;&#x442;&#x440; &#x43D;&#x440;&#x430;&#x432;&#x441;&#x442;&#x432;&#x435;&#x43D;&#x43D;&#x43E;&#x433;&#x43E; &#x432;&#x43E;&#x441;&#x43F;&#x438;&#x442;&#x430;&#x43D;&#x438;&#x44F;</subfield>
    <subfield code="c">&#x418;&#x436;&#x435;&#x432;&#x441;&#x43A;</subfield>
    <subfield code="3">RU\NLR\AUTH\889922547</subfield>
    <subfield code="9">341076</subfield>
  </datafield>
  <datafield tag="801" ind1=" " ind2="0">
    <subfield code="a">RU</subfield>
    <subfield code="b">RuMoRKP</subfield>
    <subfield code="c">20041006</subfield>
    <subfield code="g">rcr</subfield>
  </datafield>
  <datafield tag="801" ind1=" " ind2="1">
    <subfield code="a">RU</subfield>
    <subfield code="b">RuMoRGB</subfield>
    <subfield code="c">20041006</subfield>
  </datafield>
  <datafield tag="801" ind1=" " ind2="2">
    <subfield code="a">RU</subfield>
    <subfield code="b">NLR</subfield>
    <subfield code="c">20050323</subfield>
    <subfield code="g">PSBO</subfield>
  </datafield>
  <datafield tag="830" ind1=" " ind2=" ">
    <subfield code="a">&#x421;&#x43E;&#x441;&#x442;. &#x43F;&#x43E; &#x43A;&#x43D;.</subfield>
  </datafield>
  <datafield tag="942" ind1=" " ind2=" ">
    <subfield code="c">BOOK</subfield>
  </datafield>
  <datafield tag="980" ind1=" " ind2=" ">
    <subfield code="a">NB</subfield>
  </datafield>
  <datafield tag="995" ind1=" " ind2=" ">
    <subfield code="5">2005-03-23</subfield>
    <subfield code="a">ad</subfield>
    <subfield code="b">NLR01</subfield>
    <subfield code="c">NLR01</subfield>
    <subfield code="e">RF3</subfield>
    <subfield code="f">1-954827</subfield>
    <subfield code="k">2005-5/1688</subfield>
    <subfield code="o">0</subfield>
    <subfield code="r">BOOK</subfield>
    <subfield code="s">200551688_</subfield>
  </datafield>
  <datafield tag="995" ind1=" " ind2=" ">
    <subfield code="5">2005-03-23</subfield>
    <subfield code="a">ad</subfield>
    <subfield code="b">NLR01</subfield>
    <subfield code="c">NLR01</subfield>
    <subfield code="e">RF3</subfield>
    <subfield code="f">877626</subfield>
    <subfield code="k">2005-5/1688</subfield>
    <subfield code="o">0</subfield>
    <subfield code="r">BOOK</subfield>
    <subfield code="s">200551688_</subfield>
  </datafield>
</record>
